Sexual/textual politics: feminist literary theory (Record no. 117679)

MARC details
000 -LEADER
fixed length control field 00389nam a2200157Ia 4500
008 - FIXED-LENGTH DATA ELEMENTS--GENERAL INFORMATION
fixed length control field 230917s9999||||xx |||||||||||||| ||und||
040 ## - CATALOGING SOURCE
-- 104213
Original cataloging agency VIVEKANANDA LIBRARY
041 ## - Language
-- English
082 ## - DDC NUMBER
Classification number 810.9 M728S
100 ## - MAIN ENTRY--PERSONAL NAME
Personal name Moi Toril
245 #0 - TITLE STATEMENT
Title Sexual/textual politics: feminist literary theory
250 ## - EDITION STATEMENT
Edition statement 2nd ed.
260 ## - PUBLICATION, DISTRIBUTION, ETC. (IMPRINT)
Place of publication, distribution, etc London
Name of publisher, distributor, etc Routledge
Date of publication, distribution, etc 2002
300 ## - PHYSICAL DESCRIPTION
Pages 221 p.
942 ## - ADDED ENTRY ELEMENTS (KOHA)
Koha item type Books
Holdings
Withdrawn status Lost status Damaged status Not for loan Location (home branch) Sublocation or collection (holding branch) Date acquired Koha issues (times borrowed) Koha full call number Accession No. Koha date last seen Koha item type
        VIVEKANANDA LIBRARY VIVEKANANDA LIBRARY 05/10/2004   810.9 M728S 208782 17/09/2023 Books
        VIVEKANANDA LIBRARY VIVEKANANDA LIBRARY 05/10/2004   810.9 M728S 229362 17/09/2023 Books
© Designed and Maintained by Vivekananda Library, MDU Rohtak